Conhecimentos básicos sobre células parte 2 - Statistics

Estatísticas Gerais
  • Esse quiz foi jogado 72 vezes
  • A pontuação média é 6 de 7
Estatísticas das Respostas
Questão Resposta % Correto
Como é chamado um organismo que possui mais de uma célula? (Seres humanos, plantas e animais) Pluricelular
97%
Como é chamado um organismo que possui apenas uma célula?(Bactérias) Unicelular
97%
Qual destas imagens representa um VÍRUS?
93%
Qual destas afirmações descreve uma célula EUCARIONTE? Uma célula eucarionte é uma célula que possui núcleo, ou seja o DNA está dentro de um compartimento dentro da célula.
86%
Qual destas imagens representa uma célula EUCARIONTE?
83%
Qual destas imagens representa uma célula PROCARIONTE?
83%
Qual destas informações descreve uma célula PROCARIONTE? Uma célula procarionte é uma célula que não possui núcleo, ou seja o DNA fica solto dentro da célula
83%
Nenhum quiz correspondente encontrado
Distribuição das Pontuações
Porcentagem de Pessoas com Cada Pontuação
Percentil de Números Respondidos
Sua Pontuação Histórica
Você não jogou esse quiz